| 000 | 00381 a2200133 4500 | ||
|---|---|---|---|
| 003 | Nust | ||
| 005 | 20170207154424.0 | ||
| 040 | _cNust | ||
| 082 | _a799 | ||
| 245 |
_aIndep Day 14 Aug 2001(Photo Album Vol No. 1, 2001) _cMCS |
||
| 260 |
_aRawalpindi _bMCS _c14-08-2001 |
||
| 650 | _aPictures of Indep Day 14 Aug 2001in MCS,(Photo Album Vol No. 1, 2001,CD-NO-6) | ||
| 651 | _a Sweet Memories-MCS | ||
| 942 | _cBK | ||
| 999 |
_c197508 _d197508 |
||